[Event "FIDE Candidates 2020"]
[White "Vachier-Lagrave,Maxime"]
[Black "Caruana,Fabiano"]
[Site "Yekaterinburg"]
[Round "1.1"]
[Annotator "TA"]
[Result "1/2-1/2"]
[Date "2020.03.17"]
[WhiteElo "2767"]
[BlackElo "2842"]
[PlyCount "88"]

1. e4 {} e5 2. Nf3 Nc6 3. Bb5 a6 4. Ba4 Nf6 5. 0-0 b5 6. Bb3 Bc5 7. a4 Rb8 8. c3 d6 9. d4 Bb6 10. a5 {C78: Ruy Lopez: Archangelsk and Möller Defences.} Ba7 $1 11. h3 {11.Be3 is
the modern continuation.} 0-0 12. Be3 exd4 13. cxd4 Nb4 14. Nc3 Bb7 15. Ng5 {
[#]} Qe7 $146 ({Predecessor:} 15... Qe8 16. e5 dxe5 17. dxe5 Qc6 18. Nf3 Bxe3 19. fxe3 Ne4 20. Qd4 Nxc3 21. Qxb4 Ne4 {1-0 (46) Sasikiran,K (2648)-Moroni,L 
(2532) Caleta 2020} )16. e5 dxe5 17. Nxf7 e4 ({Not} 17... Rxf7 $2 18. dxe5 c5 19. exf6 $16 )18. Nd6+ (18. Ng5+ {seems wilder.} Kh8 19. Ne6 Rfc8 20. Qe2 Nbd5 21. Nxd5 Bxd5 22. Bxd5 Nxd5 23. Qg4 )Kh8 19. Nxb7 Rxb7 20. Qe2 c6 21. Rad1 Rd7 22. f3 exf3 23. Rxf3 c5 24. dxc5 Rxd1+ 25. Nxd1 Bxc5 26. Qf2 Bd6 27. Nc3 Nd3 28. Qe2 Nc5 29. Ba2 Re8 30. Qd2 Nce4 31. Nxe4 Nxe4 32. Qd3 Ng5 33. Bxg5 Bc5+ 34. Kh1 Qxg5 35. Rf1 Qe5 36. Qd5 {[#] Threatens to win with Rf8+!} Qe2 37. Qf5 {Bb1 is the strong threat.} Qe5 38. Qxe5 {The position is equal.} Rxe5 $11 { Endgame KRB-KRB} 39. Rd1 {White wants to mate with Rd8+.} g6 40. Bd5 Re7 41. Bc6 Re2 42. Bb7 Rxb2 43. Bxa6 Ra2 44. Bxb5 Rxa5 {Accuracy: White =
91%, Black = 90%.} 1/2-1/2

[Event "FIDE Candidates 2020"]
[White "Ding,Liren"]
[Black "Wang,Hao"]
[Site "Yekaterinburg"]
[Round "1.2"]
[Annotator "TA"]
[Result "0-1"]
[Date "2020.03.17"]
[WhiteElo "2805"]
[BlackElo "2762"]
[PlyCount "90"]

1. c4 {} e5 2. g3 Nf6 3. Bg2 Bc5 4. d3 0-0 5. Nc3 c6 6. Nf3 {A22: English Opening: 1...e5 2 Nc3 Nf6.} d6 7. 0-0 Re8 {7...a5 is the modern continuation.} 8. Na4 {[#] The position is equal.
} Bb4 $146 ({Predecessor:} 8... Na6 9. Nxc5 Nxc5 10. d4 exd4 11. Nxd4 Bg4 12. Re1 Qd7 13. Qc2 Bh3 14. Bh1 Qg4 {1/2-1/2 (32) Sucikova,S (1934)-O'Donnell,D
England 2013} )9. a3 Ba5 10. b4 Bc7 11. e4 a5 {Threatening ...axb4.} 12. Bb2 Na6 13. b5 cxb5 14. cxb5 Nc5 15. Nxc5 dxc5 16. a4 Bg4 17. Ra3 Nd7 18. h3 Bh5 19. Qb1 b6 20. Nd2 Nf8 21. Bf3 Qg5 22. h4 Qg6 23. Qd1 Bxf3 24. Qxf3 h5 25. Qf5 Rad8 26. Qxg6 Nxg6 27. Kg2 f6 28. Nc4 Kf7 29. Bc1 Rd7 30. f4 exf4 31. Bxf4 Nxf4+ 32. gxf4 f5 33. e5 Re6 34. Kf3 Rg6 35. Ne3 Ke6 36. Rd1 Bd8 37. Ra2 Rd4 (37... Be7 $17 )38. Nc2 $11 Rd5 ({Don't play} 38... Rd7 39. Ne3 $17 )39. Ne3 Rd7 40. Rdd2 $2 {} (40. d4 $1 $11 Rxd4 41. Rxd4 cxd4 42. Nc2 )Bxh4 $19 41. Rg2 {[#]} Rg4 $1 {} 42. Rh2 (42. Nxg4 hxg4+ )g6 43. Nxg4 (43. Rag2 $142 Rxd3 44. Rxg4 fxg4+ 45. Ke2 )fxg4+ {Black is clearly
winning.} 44. Ke3 Be7 45. Rac2 h4 {Accuracy: White = 81%, Black = 94%.} 0-1

[Event "FIDE Candidates 2020"]
[White "Giri,Anish"]
[Black "Nepomniachtchi,Ian"]
[Site "Yekaterinburg"]
[Round "1.3"]
[Annotator "TA"]
[Result "0-1"]
[Date "2020.03.17"]
[WhiteElo "2763"]
[BlackElo "2774"]
[PlyCount "146"]

1. Nf3 {} Nf6 2. c4 c5 3. Nc3 Nc6 {} 4. d4 cxd4 5. Nxd4 e6 6. g3 Qb6 7. Ndb5 Ne5 8. Bf4 {A33: Symmetrical English: 2 Nf3 Nf6 3
d4 cxd4 4 Nxd4 e6 5 Nc3 Nc6.} Nfg4 9. e3 a6 10. h3 {The position is equal.} axb5 11. hxg4 Nxc4 12. Rc1 {[#]} d5 $146 ({Predecessor:} 12... Qa5 13. b3 Ba3 14. bxc4 Bxc1 15. Qxc1 bxc4 16. e4 b5 17. Rh5 d5 18. exd5 g6 {1-0 (33)
Sedlacek,P (2478)-Suarez Sedeno,M (2426) ICCF email 2004} )13. b3 Bb4 14. bxc4 Ra3 $1 {} 15. Be5 f6 16. Bd4 Qa5 {Hoping for ...e5.} 17. Be2 $1 ({
Don't blunder} 17. cxd5 $2 e5 $19 )Bxc3+ 18. Rxc3 Rxc3 19. Kf1 $1 b4 20. g5 $1 e5 ({But not} 20... fxg5 $2 21. Bxg7 Qxa2 22. Bxh8 $18 )21. Bxc3 bxc3 22. gxf6 gxf6 23. Qb1 Qc7 24. Qd3 {[#]} b5 $1 {} 25. Qxc3 (25. cxb5 c2 )bxc4 {[#]} 26. e4 $1 {} dxe4 27. Rh4 Be6 28. Rxe4 {} 0-0 ({Black should try} 28... Kf7 $15 )29. Bxc4 (29. Rh4 $11 )Kg7 $36 { And now ...Rc8 would win. Black fights for an
advantage.} 30. Qb3 {White is now going downhill.} ({White should play} 30. Qb4 $1 $15 Rb8 31. Bxe6 Rxb4 32. Rxb4 )Rb8 $17 31. Bxe6 Rxb3 32. Rg4+ Kf8 {
( -> ...Rb1+)} 33. Bxb3 { Endgame Rg8+ is the strong threat. KQ-KRB} Qc1+ 34. Kg2 Qc6+ 35. Kg1 h5 36. Rg8+ (36. Rh4 $17 {was necessary.} )Ke7 $19 37. Rg7+ Kd6 38. Rh7 $2 (38. Rg6 {was called for.} Qf3 39. Rg8 )Qf3 39. Rh8 (39. Ba4 $142 Qe4 40. Rd7+ Ke6 41. Ra7 )e4 40. Rd8+ Ke7 41. Bd1 Qc3 42. Rd5 {[#]} h4 $1 {} 43. gxh4 {[#]} f5 $1 {} 44. Rxf5 Qe1+ { Double Attack} 45. Kg2 Qxd1 {KQ-KR} 46. Rg5 Qa1 47. Rg4 Qb1 48. Rg3 Qxa2 49. Rh3 Qd5 50. Kf1 Qd1+ 51. Kg2 Qg4+ 52. Rg3 Qh5 53. Ra3 Qd5 54. Kg1 Kf6 55. Rg3 Qd1+ 56. Kg2 Kf5 57. Rg5+ Kf4 58. Rg3 Qd5 59. Kf1 {[#]} Qd2 $1 {
} 60. Kg2 Qd1 $2 (60... Ke5 {Threatens to win with ...Kf5.} 61. Rg5+ Kf6 )61. Re3 $2 (61. Rh3 Qg4+ 62. Kh2 )Kf5 62. Rg3 Kf6 63. Rh3 Kg6 64. Rg3+ Kh5 65. Rh3 Qb1 66. Re3 Kxh4 67. Rg3 Kh5 68. Rh3+ Kg4 69. Rg3+ Kf4 70. Re3 Qd1 71. Ra3 Ke5 72. Rg3 Kd4 73. Re3 {[#]} Qd3 $1 { Promotion.
Accuracy: White = 71%, Black = 92%.} 0-1

[Event "FIDE Candidates 2020"]
[White "Grischuk,Alexander"]
[Black "Alekseenko,Kirill"]
[Site "Yekaterinburg"]
[Round "1.4"]
[Annotator "TA"]
[Result "1/2-1/2"]
[Date "2020.03.17"]
[WhiteElo "2777"]
[BlackElo "2698"]
[PlyCount "82"]

1. c4 {} e5 2. g3 Nf6 3. Bg2 Bc5 4. d3 d5 5. cxd5 Nxd5 6. Nc3 {A20: English Opening: 1...e5.} Nxc3 7. bxc3 0-0 8. Qc2 Nc6 9. Nf3 h6 10. 0-0 {[#]} Rb8 $146 ({Predecessor:} 10... Re8 11. Rd1 Bf5 12. Qb3 Bb6 13. Bb2 Rb8 14. Nd2 a6 15. Ne4 Qc8 16. Rac1 Be6 17. c4 Nd4 18. Bxd4 exd4 {1-0 (35) Mrakovcic,K (1685)-Detelic,M Bjelolasica 2008} )11. Bb2 b6 12. Rad1 Qe8 13. e4 Bd6 14. Nh4 Bg4 15. f3 Bd7 {Threatening ...Ne7.} 16. f4 exf4 17. gxf4 Na5 (17... f6 $11 {remains equal.} )18. Rde1 ({White should
play} 18. Qf2 $16 )Qd8 $1 $11 {} 19. Qf2 Nc4 {[#]} (19... Bc5 $11 20. d4 Be7 )20. Bc1 $1 $16 ({Not} 20. dxc4 $2 Bc5 $19 )Bc5 21. d4 Be7 {[#]} 22. Nf3 $1 f5 23. Qe2 Nd6 24. e5 Ne4 25. Nd2 Nxd2 26. Bxd2 Be6 27. Qd3 Qd7 28. Be3 c6 29. a4 a6 (29... Rfd8 $14 )30. Qxa6 Ra8 31. Qxb6 Bd5 32. Qb2 {
aiming for Ra1.} Rxa4 33. Ra1 Rfa8 34. Rxa4 Rxa4 35. Ra1 Rxa1+ {The position
is equal.} 36. Qxa1 Bxg2 $1 37. Kxg2 {Black should prevent c4.} Qd5+ 38. Kf2 Bh4+ 39. Ke2 Qg2+ 40. Kd3 Qe4+ 41. Kd2 Qg2+ {Accuracy: White = 87%, Black =
85%.} 1/2-1/2

[Event "FIDE Candidates 2020"]
[White "Caruana,Fabiano"]
[Black "Alekseenko,Kirill"]
[Site "Yekaterinburg"]
[Round "2.1"]
[Annotator "TA"]
[Result "1-0"]
[Date "2020.03.18"]
[WhiteElo "2842"]
[BlackElo "2698"]
[PlyCount "67"]

1. d4 {} Nf6 2. c4 e6 3. Nc3 Bb4 4. f3 d5 5. a3 Be7 6. e4 dxe4 {E20: Nimzo-Indian: 4 g3 and 4 f3.} 7. fxe4 c5 {
now scores much better than the old 7...e5. Played by Viswanathan Anand in
January 2020.} 8. d5 exd5 {The position is equal.} 9. exd5 0-0 10. Be2 Re8 11. Nf3 Bg4 12. 0-0 Nbd7 {[#]} 13. d6 $146 ({Predecessor:} 13. Bg5 h6 14. Bh4 Bd6 15. Qc2 Qb8 16. Kh1 Bh5 17. Nb5 Bf4 18. d6 Bxd6 19. Nxd6 Qxd6 {0-1 (55)
Lombaers,P (2383)-Schoppen,C (2489) Leiden 2020} )Bf8 14. h3 Bh5 15. Nb5 Re6 16. Bf4 a6 (16... Re4 $14 17. Bh2 a6 )17. Nc7 $16 { [#] Double
Attack} Re4 18. Bh2 Rc8 19. g4 Bxg4 20. hxg4 Nxg4 21. Bd3 Nxh2 22. Bxe4 Nxf1 23. Qxf1 Bxd6 (23... Nf6 $14 24. Re1 (24. Bxb7 Rb8 $17 )Qxd6 )24. Nd5 g6 25. Qh3 {Strongly threatening Qxd7!} Kg7 26. Kh1 $40 { Threatens to
win with Bf5! Black is in trouble.} Ne5 27. Nh4 {aiming for Nf5+!} h5 $2 {
Loses the game.} (27... Rc6 $16 )28. Rg1 $18 Bf8 $2 (28... Rc6 29. Nf4 Ng4 30. Nxh5+ { Deflection} gxh5 31. Nf5+ { Discovered Attack} Kf8 32. Rxg4 Be5 33. Bxc6 (33. Qxh5 $2 Qd1+ 34. Kg2 Qe2+ { Double Attack} 35. Kg1 Rg6 $19 )hxg4 34. Qh6+ Kg8 )29. Nf4 { Black must now
prevent Nhxg6!White is clearly winning.} Ng4 {[#]} 30. Nxh5+ $1 {} gxh5 31. Bf5 Be7 32. Bxg4 hxg4 33. Qxg4+ Bg5 34. Qh5 {Accuracy: White = 93%,
Black = 58%.} 1-0

[Event "FIDE Candidates 2020"]
[White "Nepomniachtchi,Ian"]
[Black "Grischuk,Alexander"]
[Site "Yekaterinburg"]
[Round "2.2"]
[Annotator "TA"]
[Result "1/2-1/2"]
[Date "2020.03.18"]
[WhiteElo "2774"]
[BlackElo "2777"]
[PlyCount "80"]

1. e4 {} e5 2. Nf3 Nc6 3. Bb5 Nf6 4. 0-0 Nxe4 5. d4 Nd6 6. Bxc6 dxc6 7. dxe5 Nf5 8. Qxd8+ Kxd8 9. Nc3 Ke8 10. h3 h5 {C67: Ruy Lopez: Berlin Defence: 4 0-0 Nxe4.} 11. Bf4 Be7 12. Rad1 Be6 13. Ng5 Rh6 14. Rfe1 Bb4 15. a3 Bxc3 16. bxc3 h4 {[#]} 17. Kh2 $146 ({Predecessor:} 17. Ne4 Rg6 18. g4 hxg3 19. fxg3 Kf8 20. Kh2 Ne7 21. g4 Re8 22. Rd3 Kg8 23. Ng3 {1/2-1/2 (49) Vachier Lagrave,M (2778)-Karjakin,S 
(2750) Saint Louis 2019} )Kf8 18. Rb1 b6 19. Rb4 Re8 20. Ra4 a5 21. Bd2 c5 22. Rf4 Rh5 23. Rf3 Kg8 24. Bc1 (24. g4 $11 hxg3+ 25. fxg3 )Ne7 $15 25. g4 hxg3+ $1 26. fxg3 Nc6 27. Bf4 Bc8 {And now ...f6 would win.} 28. Rfe3 {
[#]} Nd8 (28... Ne7 $1 $17 )29. Kg2 Ne6 30. Nxe6 Bxe6 31. g4 Rh8 32. Bg5 Kh7 33. Kg3 Rb8 34. Rd3 Rhe8 35. Red1 $1 b5 36. Rd8 {The position is equal.} b4 37. Rxe8 Rxe8 38. cxb4 cxb4 39. axb4 axb4 40. Rd8 Rxd8 {Accuracy: White = 92%,
Black = 85%.} 1/2-1/2

[Event "FIDE Candidates 2020"]
[White "Wang,Hao"]
[Black "Giri,Anish"]
[Site "Yekaterinburg"]
[Round "2.3"]
[Annotator "TA"]
[Result "1/2-1/2"]
[Date "2020.03.18"]
[WhiteElo "2762"]
[BlackElo "2763"]
[PlyCount "121"]

1. c4 {} c5 2. Nc3 g6 3. g3 Bg7 4. Bg2 Nc6 5. Nf3 e6 6. h4 {A37: Symmetrical English vs ...g6: 4 Bg2
Bg7 5 Nf3.} h6 7. d4 cxd4 8. Nb5 {The position is equal.} d5 9. cxd5 exd5 10. 0-0 Nf6 11. Bf4 {[#] Nc7+ is the strong threat.} 0-0 {[#]} 12. Qc1 $146 ({
Predecessor:} 12. Nfxd4 a6 13. Nxc6 bxc6 14. Nd4 Qb6 15. Nb3 Ng4 16. Bd6 Re8 17. Bc5 Qb5 18. Rc1 Qxe2 19. Qxe2 Rxe2 {1/2-1/2 (37) Sandipan,C (2575)
-Leenhouts,K (2486) Dieren 2017} )a6 13. Nbxd4 Nxd4 14. Nxd4 Kh7 15. Rd1 Re8 16. Qc7 Qxc7 17. Bxc7 Bg4 18. f3 Rac8 19. Ba5 Bd7 20. Kf2 h5 21. Bf1 Ng8 22. Bc3 Bh6 23. Rd3 Ne7 24. Rad1 Bg7 25. e3 Kg8 26. R3d2 Ba4 27. Re1 Bd7 28. Ne2 Rc7 29. Bxg7 Kxg7 30. Nc3 Be6 31. Red1 b5 32. a3 Rb8 33. Ne2 a5 34. Nd4 Bd7 35. b4 axb4 36. axb4 Ra8 37. Rb2 ({Reject} 37. Nxb5 Bxb5 38. Bxb5 Rb8 $11 )Ra4 38. Rdb1 Rb7 39. Rc1 Rba7 40. Nxb5 Bxb5 41. Bxb5 Ra3 42. Be2 Rb7 43. b5 Rb6 44. Rd1 Kf6 45. Rdd2 Rb7 46. Bd3 Nc8 47. e4 dxe4 48. Bxe4 Rb6 49. Rd7 Rc3 50. Rb7 Rxb7 51. Bxb7 $18 { Endgame Strongly threatening b6.
KRB-KRN} Nb6 52. Be4 Ke5 53. Rd2 Rb3 {[#]} 54. Bc6 (54. Bd3 $142 $1 )Nc4 $16 55. f4+ Kf6 56. Rd8 Rb2+ 57. Kf3 Nd2+ 58. Ke3 Nf1+ 59. Kf3 {Hoping for Rd3.
} Nd2+ 60. Ke2 Ne4+ 61. Kf3 {Black escapes into a draw. Accuracy: White = 87%,
Black = 91%.} ({Better is} 61. Ke3 $16 Nxg3 62. Rd1 )1/2-1/2

[Event "FIDE Candidates 2020"]
[White "Vachier-Lagrave,Maxime"]
[Black "Ding,Liren"]
[Site "Yekaterinburg"]
[Round "2.4"]
[Annotator "TA"]
[Result "1-0"]
[Date "2020.03.18"]
[WhiteElo "2767"]
[BlackElo "2805"]
[PlyCount "73"]

1. e4 {} e5 2. Nf3 Nc6 3. Bb5 a6 4. Ba4 Nf6 5. 0-0 Be7 6. Re1 b5 7. Bb3 0-0 8. h3 Bb7 9. d3 d6 10. a3 Qd7 {The modern move.} 11. Nc3 Rfe8 {C88: Closed Ruy Lopez: Anti-Marshall
Systems.} 12. Bd2 Nd8 13. Nd5 Nxd5 {The position is equal.} 14. exd5 c5 15. a4 {[#]} f5 $146 (15... f6 $11 )({Predecessor:} 15... f6 16. axb5 axb5 17. Rxa8 Bxa8 18. c4 Rf8 19. cxb5 Qxb5 20. Bc4 Qb7 21. b4 cxb4 22. Qb3 Nf7 23. Ra1 f5 24. Ra4 Qd7 25. Rxb4 Bf6 26. Bc3 h6 {1/2-1/2 (26) Zeihen,P (2315)-Schulz,R 
(2263) ICCF email 2019} )16. axb5 $16 axb5 17. Rxa8 Bxa8 18. c4 Nf7 {[#]} 19. cxb5 $1 g5 20. Nh2 Kg7 21. Bc4 Kg6 22. g4 Nh6 23. Qf3 Bd8 24. Qg2 f4 (24... Kg7 $16 {is a better defense.} )25. b4 Bb6 (25... Nf7 $142 26. bxc5 dxc5 )26. Qe4+ Kg7 27. bxc5 dxc5 $2 (27... Bxc5 {might work better.} 28. d4 Bxd4 )28. Nf3 $18 Nf7 29. Bc3 {} Bc7 30. b6 Bb8 31. Qf5 Qxf5 32. gxf5 Kf6 33. Nd2 Rd8 34. d6 Rxd6 35. Rb1 {Threatens to win with b7.} Nd8 $2 {[#]} (35... Bc6 36. Ne4+ Bxe4 37. dxe4 Rd7 )36. b7 $1 {} Bxb7 37. Ba5 {Black did not
feel at home in the position after the opening. Accuracy: White = 100%, Black
= 56%.} 1-0

[Event "FIDE Candidates 2020"]
[White "Ding,Liren"]
[Black "Caruana,Fabiano"]
[Site "Yekaterinburg"]
[Round "3.1"]
[Annotator "TA"]
[Result "1-0"]
[Date "2020.03.19"]
[WhiteElo "2805"]
[BlackElo "2842"]
[PlyCount "117"]

1. d4 {} d5 2. c4 c6 3. Nf3 Nf6 4. Nc3 dxc4 5. a4 Bf5 6. Ne5 e6 7. f3 Bb4 8. Nxc4 0-0 9. Kf2 $1 { [#] now scores much better than
the old 9.Bg5. D17: Slav Defence: 5 a4 Bf5: Lines with 6 Nh4 and 6 Ne5.} e5 $146 ({Predecessor:} 9... Nd5 10. Na2 b5 11. Nxb4 bxc4 12. Na2 c5 13. e4 cxd4 14. Bxc4 Nb6 15. Be2 Bg6 16. a5 Nc8 {1-0 (60) Anton Guijarro,D (2674)
-Hovhannisyan,R (2639) Douglas 2019} )10. Nxe5 Bc2 $1 {} 11. Qd2 {
White is slightly better.} c5 12. d5 ({Much weaker is} 12. Qxc2 Qxd4+ 13. Be3 Qxe5 $15 )(12. e3 $5 {} cxd4 13. Qxc2 (13. exd4 Bb3 $11 )dxc3 14. bxc3 $14 )Bb3 {} 13. e4 Re8 $1 {} 14. Qf4 c4 $1 15. Nxc4 Nbd7 16. Be3 Nf8 (16... Bxc4 $1 $11 17. Bxc4 Nb6 18. Bxb6 Qxb6+ 19. Kf1 Rec8 )17. Bd4 $14 {Hoping for Qf5.} Ng6 (17... Rc8 $1 $11 18. Ne3 Ng6 )18. Qf5 (18. Qc1 $1 $16 )Bxc4 19. Bxc4 Qc7 $1 {} 20. Be2 Bc5 $1 $132 { Black is fighting back} 21. Bxc5 $1 Qxc5+ (21... Re5 $5 {} 22. Qh3 Qxc5+ 23. Kf1 Qb4 $16 )22. Kf1 {Threatens to win
with Qg5.} h6 {White now steadily converts the win.} (22... Re5 $14 23. Qh3 Qb4 )23. Rd1 Qb6 24. Rd2 $1 Qe3 {[#]} 25. Rc2 $1 a6 26. Qh3 b5 27. Qg3 {Qf2 is
the strong threat.} ({Worse is} 27. axb5 axb5 28. g3 Nxe4 $15 )b4 (27... Rec8 $16 {keeps fighting.} )28. Nd1 $18 Qb3 {[#]} 29. Rd2 $1 Qxa4 30. Qf2 Qd7 31. g3 Qh3+ 32. Kg1 a5 33. Qd4 Nh5 34. Nf2 Qd7 35. f4 Nhxf4 36. gxf4 Nxf4 37. Kf1 Qd6 {[#]} 38. Rg1 $1 {} f6 39. Bb5 Re7 40. b3 Rf8 41. Rc2 {} Ne6 42. Qe3 {White is clearly winning.} Ng5 43. h4 Nf7 44. Rc6 Qb8 45. Qc5 Qd8 46. Rxf6 Kh8 47. Rf5 Rc7 48. Bc6 a4 49. bxa4 b3 50. Rg3 b2 51. Rb3 Nd6 52. Rxf8+ Qxf8 53. Rxb2 Qf4 54. Rb8+ Kh7 55. Qc2 {Black must now prevent e5+.} Re7 56. e5+ Nf5 57. Qe4 Qc1+ 58. Kg2 g6 59. Rb3 {
Accuracy: White = 79%, Black = 55%.} 1-0

[Event "FIDE Candidates 2020"]
[White "Giri,Anish"]
[Black "Vachier-Lagrave,Maxime"]
[Site "Yekaterinburg"]
[Round "3.2"]
[Annotator "TA"]
[Result "1/2-1/2"]
[Date "2020.03.19"]
[WhiteElo "2763"]
[BlackElo "2767"]
[PlyCount "59"]

1. d4 {} Nf6 2. c4 g6 3. Nc3 d5 4. cxd5 Nxd5 5. Bd2 Bg7 6. e4 Nxc3 7. Bxc3 c5 8. d5 Bxc3+ {
D85: Exchange Grünfeld: Unusual White 7th moves and lines with 7 Nf3.} 9. bxc3 0-0 10. Qd2 Qd6 {White has an edge.} 11. f4 e6 12. Bc4 b5 13. Bxb5 exd5 14. Bc4 Bb7 15. Nf3 {[#]} ({Reject} 15. exd5 Nd7 $17 )Nd7 $146 ({Predecessor:} 15... Rd8 16. Bxd5 Bxd5 17. Qxd5 Qxd5 18. exd5 Rxd5 19. Rd1 Rxd1+ 20. Kxd1 Nd7 21. Re1 Kf8 {1/2-1/2 (29) Tomashevsky,E (2702)-Nepomniachtchi,I (2768) Satka
2018} )16. 0-0 {} ({And not} 16. exd5 Rfe8+ 17. Kf2 Nf6 $17 )Nb6 17. Be2 d4 18. e5 Qd7 19. cxd4 Rad8 20. Rad1 Bxf3 21. Rxf3 {[#] Hoping for
d5!} Qxd4+ 22. Qxd4 Rxd4 23. Rxd4 cxd4 $11 { Endgame KRB-KRN} 24. Rd3 Rd8 25. Bd1 Nc4 26. Kf2 Nb2 {The position is equal.} 27. Rd2 Nc4 28. Rd3 Nb2 29. Rd2 Nc4 30. Rd3 {Accuracy: White = 89%, Black = 100%.} 1/2-1/2

[Event "FIDE Candidates 2020"]
[White "Grischuk,Alexander"]
[Black "Wang,Hao"]
[Site "Yekaterinburg"]
[Round "3.3"]
[Annotator "TA"]
[Result "1/2-1/2"]
[Date "2020.03.19"]
[WhiteElo "2777"]
[BlackElo "2762"]
[PlyCount "98"]

1. e4 {} e5 2. Nf3 Nf6 3. Nxe5 d6 4. Nf3 Nxe4 5. d3 Nf6 6. d4 d5 7. Bd3 Bd6 8. Qe2+ Be6 {C01: French: Exchange Variation.} 9. Ng5 Qe7 10. Nxe6 fxe6 11. c3 c5 {[#]} 12. Nd2 $146 ({Predecessor:} 12. dxc5 Bxc5 13. Nd2 e5 14. Nb3 Bb6 15. Be3 Bxe3 16. Qxe3 0-0 17. 0-0 Nc6 18. Rad1 Rae8 19. Qc5 Qe6 20. f3 {1/2-1/2 (43)
Szczepanski,Z (2337)-Andeer,S (2383) ICCF email 2004} )Nc6 13. Nf3 0-0 14. 0-0 cxd4 15. cxd4 e5 16. dxe5 Nxe5 17. Nxe5 Qxe5 18. Qxe5 Bxe5 19. f3 Bd4+ 20. Kh1 Rac8 21. Rd1 Rfe8 22. g3 Kf7 23. Kg2 g6 24. Bd2 Be3 25. h4 Re6 26. Bxe3 Rxe3 27. Kf2 Re6 28. Rd2 Ke7 29. Rad1 Rec6 30. g4 a6 {[#]} 31. h5 $1 {} Kf7 (31... gxh5 32. g5 )32. a3 Re8 33. hxg6+ hxg6 34. g5 Ne4+ $1 35. Bxe4 dxe4 $11 { Endgame KRR-KRR. The position is equal.} 36. Re1 exf3 37. Rd7+ { [#] Double Attack} Kf8 {Threatening ...Rc2+.} 38. Rh1 {} Kg8 39. Rxb7 Rc2+ 40. Kxf3 {Threatens to win with Rb6.} Rc5 41. Rh4 Rxg5 42. b4 (42. a4 {seems wilder.} a5 43. Rc4 Rge5 44. b3 Kf8 45. Rg4 )Rge5 43. Rd4 Re3+ 44. Kf4 Rxa3 45. Rd6 Ra1 46. Rxg6+ Kh8 47. Rh6+ Kg8 48. Rg6+ Kh8 49. Rh6+ Kg8 {Accuracy: White = 91%, Black = 94%.} 1/2-1/2

[Event "FIDE Candidates 2020"]
[White "Alekseenko,Kirill"]
[Black "Nepomniachtchi,Ian"]
[Site "Yekaterinburg"]
[Round "3.4"]
[Annotator "TA"]
[Result "1/2-1/2"]
[Date "2020.03.19"]
[WhiteElo "2698"]
[BlackElo "2774"]
[PlyCount "79"]

1. e4 {} e6 2. d4 d5 3. Nc3 Bb4 4. e5 c5 5. a3 Bxc3+ 6. bxc3 Ne7 7. h4 Qc7 8. Nf3 b6 9. Bb5+ {C19:
French: 3 Nc3 Bb4: Main line: 7 Nf3 and 7 a4.} Bd7 10. Be2 Ba4 {[#]} 11. 0-0 $146 ({Predecessor:} 11. Bd3 cxd4 12. cxd4 Qc3+ 13. Bd2 Qxd3 14. cxd3 Bxd1 15. Rxd1 Nbc6 16. h5 h6 17. g4 {0-1 (24) Borgmeyer,M (2044)-Doering,A (1895)
Chemnitz 2009} )Nd7 12. Be3 h6 13. Ra2 {
} Nf5 14. Bf4 Qc6 15. Rb2 a6 16. dxc5 Qxc5 17. Rb4 b5 18. Bd3 {White wants to
play Bxf5.} Ne7 19. Bd2 Nc6 { Double Attack} 20. Qe2 Nxb4 21. axb4 Qc7 22. Re1 Nb8 23. Nd4 Nc6 {Threatens to win with ...Nxd4.} 24. Qg4 Nxd4 $1 25. cxd4 g6 ({Avoid the trap} 25... Bxc2 $2 26. Qxg7 0-0-0 27. Rc1 $18 )(25... g5 $11 )26. h5 ({White should try} 26. Bxg6 $1 $14 fxg6 27. Qxe6+ Qe7 28. Qxg6+ {
 Double Attack} Kd7 29. Qb6 )gxh5 $15 27. Qxh5 0-0-0 28. f4 Kb8 29. c3 Bb3 30. f5 Bc4 31. Bc2 Rdg8 32. Kf2 a5 33. bxa5 Qxa5 34. Qxf7 {The
position is equal.} Qa2 35. Qxe6 {Strongly threatening Rc1.} Qxc2 36. Qb6+ {[#]
} Kc8 $1 37. Qc6+ {[#]} Kb8 $1 38. Qb6+ {[#]} Kc8 $1 39. Qc6+ {[#]} Kb8 $1 40. Qb6+ {Accuracy: White = 89%, Black = 86%.} 1/2-1/2

[Event "FIDE Candidates 2020"]
[White "Caruana,Fabiano"]
[Black "Nepomniachtchi,Ian"]
[Site "Yekaterinburg"]
[Round "4.1"]
[Annotator "TA"]
[Result "1/2-1/2"]
[Date "2020.03.21"]
[WhiteElo "2842"]
[BlackElo "2774"]
[PlyCount "110"]

1. d4 {} Nf6 2. c4 g6 3. Nc3 d5 4. cxd5 Nxd5 5. e4 Nxc3 6. bxc3 Bg7 7. Bc4 c5 8. Ne2 0-0 9. 0-0 Nc6 10. Be3 b6 {Nowadays more popular than 10...Qc7.} 11. Qd2 {D87: Exchange Grünfeld:
Classical Line: Variations without ...cxd4.} Bb7 12. Rfd1 cxd4 13. cxd4 Rc8 14. Rac1 Na5 15. Bd3 Qd7 16. h4 Rxc1 17. Rxc1 Rc8 18. h5 Rxc1+ 19. Qxc1 {[#]} Qc8 $146 ({Predecessor:} 19... e6 20. h6 Bf8 21. Bg5 Qa4 22. Qb1 Nc6 23. Bc2 Qc4 24. Bd3 Qa4 25. Bb5 Qa5 26. Be3 {1/2-1/2 (26) Hort,V (2595)-Chiburdanidze,M 
(2555) Biel 1988} )20. h6 Bf8 21. d5 e6 22. Nc3 Nc4 23. Bxc4 Qxc4 24. Qd2 exd5 25. Nxd5 Bxd5 26. exd5 {[#] d6 is the strong threat.} Qb4 27. Qd3 Qa3 ({
Black should play} 27... Bd6 $11 28. g3 Kf8 )28. Qc2 (28. Qd1 $14 )Qa5 29. Qd1 {And now d6 would win.} Bd6 $1 30. g3 Kf8 $1 31. Qf3 {[#] Threatening
mate with Qf6!} Qe1+ {The position is equal.} 32. Kg2 {White threatens Qf6!
and mate.} f5 33. g4 Qb1 34. Bd4 Kf7 35. Qe3 {Intending Qe6+ and mate.} Qe4+ 36. Qxe4 fxe4 $11 { Endgame KB-KB} 37. f3 exf3+ 38. Kxf3 Ke7 39. Ke4 Kd7 40. a4 Bc7 41. Be3 a6 42. Bd2 b5 43. axb5 axb5 44. Kd4 Bb6+ 45. Kd3 Bc5 46. Bc3 Ba3 (46... Kd6 $5 47. Ke4 $8 Ke7 $11 )47. Bg7 Bc5 48. Bc3 Bf8 (48... Kd6 $5 49. Ke4 $8 Ke7 $11 )49. Bg7 Be7 50. Kd4 Bd6 51. Bf6 Kc7 52. Bg5 Kb6 53. Bd8+ Ka6 54. Kd3 $1 Bf8 55. Kd4 Bd6 {Accuracy: White = 92%, Black = 98%.} 1/2-1/2

[Event "FIDE Candidates 2020"]
[White "Wang,Hao"]
[Black "Alekseenko,Kirill"]
[Site "Yekaterinburg"]
[Round "4.2"]
[Annotator "TA"]
[Result "1/2-1/2"]
[Date "2020.03.21"]
[WhiteElo "2762"]
[BlackElo "2698"]
[PlyCount "81"]

1. Nf3 {} d5 2. g3 g6 3. Bg2 Bg7 4. d4 Nf6 5. 0-0 0-0 6. c4 c6 7. Nbd2 a5 8. b3 Bf5 9. Bb2 a4 10. bxa4 Qa5 11. Qb3 Nbd7 12. cxd5 cxd5 13. Rfc1 Ra6 14. e3 Qxa4 15. Bf1 Qxb3 16. axb3 Rxa1 17. Rxa1 Nb6 18. Ra7 Rb8 19. Ne5 Nfd7 20. Bb5 f6 21. Nxd7 Bxd7 22. Ra5 {White wants to play Bxd7.} Bf5 23. Ba3 Bf8 24. Bc5 Nd7 25. Ra7 Nxc5 26. dxc5 e5 27. b4 b6 28. c6 {e4! is the
strong threat.} Bxb4 29. e4 dxe4 {[#]} ({Don't go for} 29... Bxd2 $2 30. exf5 Kh8 31. c7 $18 )30. Nxe4 $1 {} Bxe4 31. c7 Rf8 {Hoping for ...Bf5.} 32. Bc4+ Kh8 {White must now prevent ...Bf5.} 33. Be6 Bf5 34. c8=Q $1 {} Rxc8 35. Bxc8 Bxc8 36. Ra8 Kg7 {[#] Strongly threatening ...Be6.} 37. Rxc8 Bc5 38. Rc7+ { White has compensation.} Kh6 39. h4 f5 40. Kg2 e4 41. Kf1 {Accuracy: White = 100%, Black = 100%.} 1/2-1/2